LEADER 02178nas 2200457 n 450 001 990008894340403321 005 20240229084428.0 011 $a0066-2135 035 $a000889434 035 $aFED01000889434 035 $a(Aleph)000889434FED01 035 $a000889434 091 $2CNR$aP 00095565 100 $a20090724b19701990km-y0itaa50------ba 101 0 $amul 102 $aCH 110 $aauu-------- 200 1 $aAnnales d'études internationales 207 1$a1970-1990 210 $aGenève$cAssociation des anciens etudiants de l'Institut universitaire de hautes etudes internationales 326 $aAnnuale 517 0 $aAnnals of international studies 530 0 $aAnnales d'études internationales 675 $a327 675 $a330 675 $a341 712 02$aInstitut Universitaire de Hautes Etudes Internationales 712 02$aAssociation des Anciens Etudiants 801 0$aIT$bACNP$c20090723 859 4 $uhttp://acnp.cib.unibo.it/cgi-ser/start/it/cnr/dc-p1.tcl?catno=63982&person=false&language=ITALIANO&libr=&libr_th=unina1$zBiblioteche che possiedono il periodico 901 $aSE 912 $a990008894340403321 958 $aBiblioteca del Dipartimento di Diritto dell'Economia. Università di Napoli Federico II$b1970-1976;1978-1981;1983-1986;$e3/4$fDEC 958 $aBiblioteca Centrale della Facoltà di Giurisprudenza dell'Università di Napoli Federico II$b1970-1979;$eX O 102$fFGBC 959 $aDEC 959 $aFGBC 996 $aANNALES d'Etudes Internationales$9575722 997 $aUNINA AP1 8 $6866-01$aNA032 Biblioteca del Dipartimento di Diritto dell'Economia. Università di Napoli Federico II$b3/4$evia Cintia, Compl. Univ. Monte S. Angelo, 80126 Napoli (NA)$m081 675190 081 675122$m081 675123$nit AP1 8 $6866-02$aNA073 Biblioteca Centrale della Facoltà di Giurisprudenza dell'Università di Napoli Federico II$bX O 102$eCorso Umberto I, 80138 Napoli (NA)$m0812537531/33$m0812537532$nit AP2 40$aacnp.cib.unibo.it$nACNP Italian Union Catalogue of Serials$uhttp://acnp.cib.unibo.it/cgi-ser/start/it/cnr/df-p.tcl?catno=63982&language=ITALIANO&libr=&person=&B=1&libr_th=unina&proposto=NO LEADER 03080oas 2201129 a 450 001 9910333124503321 005 20251105213014.0 011 $a1873-4820 035 $a(DE-599)ZDB2001279-2 035 $a(DE-599)2001279-2 035 $a(OCoLC)39178747 035 $a(CONSER) 2005222111 035 $a(CKB)954925416962 035 $a(EXLCZ)99954925416962 100 $a19980526a19599999 sy a 101 0 $aeng 135 $aurmnu|||||||| 181 $ctxt$2rdacontent 182 $cc$2rdamedia 183 $acr$2rdacarrier 200 10$aJournal of nuclear materials 210 $aAmsterdam $cNorth-Holland Pub. Co.$d[1959]- 300 $aRefereed/Peer-reviewed 300 $aTitle from issue contents screen (ScienceDirect, viewed Mar. 13, 2007). 300 $aPublished by: Elsevier, <2004-> 300 $aSome issues have proceedings with distinctive titles. 311 08$a0022-3115 517 3 $aJournal des materiaux nucleaires 606 $aNuclear engineering$xMaterials$vPeriodicals 606 $aNuclear engineering$xMaterials$xPeriodicals 606 $aNuclear physics 606 $aNuclear Physics 606 $aMaterials Testing 606 $aNuclear Physics$vPeriodicals 606 $aMaterials Testing$vPeriodicals 606 $aGe?nie nucle?aire$xMate?riaux$xPe?riodiques 606 $aGe?nie nucle?aire$xMate?riaux$vPe?riodiques 606 $aPhysique nucle?aire 606 $anuclear physics$2aat 606 $aNuclear physics$2fast$3(OCoLC)fst01040386 606 $aNuclear engineering$xMaterials$2fast$3(OCoLC)fst01040052 608 $aPeriodicals.$2fast 615 0$aNuclear engineering$xMaterials 615 0$aNuclear engineering$xMaterials$xPeriodicals. 615 0$aNuclear physics. 615 2$aNuclear Physics. 615 2$aMaterials Testing. 615 2$aNuclear Physics 615 2$aMaterials Testing 615 6$aGe?nie nucle?aire$xMate?riaux$xPe?riodiques. 615 6$aGe?nie nucle?aire$xMate?riaux 615 6$aPhysique nucle?aire. 615 7$anuclear physics. 615 7$aNuclear physics. 615 7$aNuclear engineering$xMaterials. 801 0$bOH1 801 1$bOH1 801 2$bOCL 801 2$bOCLCQ 801 2$bCLU 801 2$bOCL 801 2$bGUA 801 2$bU9S 801 2$bGUA 801 2$bOCLCQ 801 2$bOCLCF 801 2$bOCLCQ 801 2$bZ5A 801 2$bOCLCO 801 2$bOCLCA 801 2$bBUF 801 2$bAU@ 801 2$bOCLCO 801 2$bWYU 801 2$bU3W 801 2$bVT2 801 2$bOCLCO 801 2$bCGU 801 2$bOCLCO 801 2$bOCLCA 801 2$bOCLCO 801 2$bOCL 801 2$bOCLCQ 801 2$bUAB 801 2$bLIP 801 2$bWURST 801 2$bOCLCL 801 2$bOCLCQ 801 2$bLND 801 2$bLVT 801 2$bAUD 801 2$bCUD 801 2$bLEAUB 906 $aJOURNAL 912 $a9910333124503321 996 $aJournal of nuclear materials$9794543 997 $aUNINA